5HLuxD.jpg

KING HENRY VIII SENIOR AND PRIMARY SCHOOL LIBRARY OPAC

How do dinosaurs go to school? / (Record no. 4710)

000 -LEADER
fixed length control field 00529cam a2200169 a 4500
008 - FIXED-LENGTH DATA ELEMENTS--GENERAL INFORMATION
fixed length control field 070402s2007 enka j 000 1 eng
020 ## - INTERNATIONAL STANDARD BOOK NUMBER
International Standard Book Number 9780007258178 (pbk.)
020 ## - INTERNATIONAL STANDARD BOOK NUMBER
International Standard Book Number 0007258178 (pbk.)
050 #4 - LIBRARY OF CONGRESS CALL NUMBER
Classification number PZ7.Y78
Item number How4 2007
082 04 - DEWEY DECIMAL CLASSIFICATION NUMBER
Classification number E FIC YOL
Edition number 22
100 1# - MAIN ENTRY--PERSONAL NAME
Personal name Yolen, Jane.
245 10 - TITLE STATEMENT
Title How do dinosaurs go to school? /
Statement of responsibility, etc. Jane Yolen ; illustrated by Mark Teague.
260 ## - PUBLICATION, DISTRIBUTION, ETC.
Place of publication, distribution, etc. London :
Name of publisher, distributor, etc. HarperCollins Children's Books,
Date of publication, distribution, etc. 2007.
300 ## - PHYSICAL DESCRIPTION
Extent [30] p. :
Other physical details chiefly col. ill. ;
Dimensions 32 cm.
942 ## - ADDED ENTRY ELEMENTS (KOHA)
Source of classification or shelving scheme
Holdings
Withdrawn status Lost status Source of classification or shelving scheme Damaged status Not for loan Collection code Permanent Location Current Location Shelving location Date acquired Total Checkouts Full call number Barcode Date due Date last seen Date last checked out Price effective from Koha item type Public note
          Fiction KH8 Primary School Library KH8 Primary School Library Fiction 2025-03-11 9 E FIC YOL KHPL000006506 2026-04-20 2026-04-10 2026-04-10 2025-03-11 Books - Fiction KH8 PRIMARY LIBRARY

Powered By KH8 IT Dept